Loading...
| Painting/Sculpture | 0 | 6 | 0 | 1 | 60 | 39 | 71.67 | 1 | 3 | 0.00 | 0.00 |
| Literature - World | 0 | 5 | 0 | 0 | 50 | 33 | 63.60 | 1 | 3 | 0.00 | 0.00 |
| Fine Arts - Classical Music | 0 | 4 | 0 | 1 | 40 | 41 | 67.25 | 1 | 2 | 0.00 | 0.00 |
| History - Other | 0 | 2 | 0 | 1 | 20 | 95 | 98.00 | 0 | 1 | 0.00 | 0.00 |
| Literature - American | 0 | 2 | 0 | 0 | 20 | 50 | 80.50 | 0 | 1 | 0.00 | 0.00 |
| Literature - British | 0 | 2 | 0 | 0 | 20 | 80 | 96.50 | 0 | 0 | 0.00 | 0.00 |
| Fine Arts - Other | 0 | 2 | 0 | 0 | 20 | 83 | 88.50 | 1 | 1 | 0.00 | 0.00 |
| Philosophy | 0 | 2 | 0 | 0 | 20 | 87 | 91.50 | 0 | 2 | 0.00 | 0.00 |
| Social Science | 0 | 1 | 0 | 0 | 10 | 25 | 25.00 | 1 | 1 | 0.00 | 0.00 |
| History - World | 0 | 1 | 0 | 0 | 10 | 71 | 71.00 | 0 | 0 | 0.00 | 0.00 |
| Mythology | 0 | 1 | 0 | 1 | 10 | 103 | 103.00 | 0 | 0 | 0.00 | 0.00 |
| Literature - European | 0 | 1 | 1 | 0 | 5 | 120 | 120.00 | 0 | 1 | 0.00 | 0.00 |
| History - European | 0 | 1 | 1 | 0 | 5 | 95 | 95.00 | 0 | 0 | 0.00 | 0.00 |
| Current Events | 0 | 0 | 1 | 0 | -5 | 0.00 | 0 | 0 | 0.00 | 0.00 | |
| Science - Physics | 0 | 0 | 2 | 0 | -10 | 0.00 | 0 | 0 | 0.00 | 0.00 |